Longs Métrages d'animation par extraits en 20 clics #2 - Statistiques

Statistiques générales
  • Ce quiz a été pris 113 fois
  • Le résultat moyen est 16 sur 20
Statistiques - réponses
Hint Réponse % Correct
Fourmiz
97%
Peter Pan
97%
Snoopy, Come Home
97%
Tom et Jerry, le film
97%
Les Aventures de Tigrou
96%
Mulan
96%
Merlin l'Enchanteur
92%
Anastasia
90%
Batman, la relève
88%
Tintin et le Lac aux requins
88%
Monstres et Cie
86%
Fritz le chat
80%
Les Voyages de Gulliver
78%
Les 101 Dalmatiens
75%
Sinbad : La Légende des sept mers
75%
Le Voyage d'Edgar dans la forêt magique
68%
Le Prince Casse-Noisette
59%
Bartok le magnifique
47%
Fantasia 2000
31%
L'Incroyable Mr. Limpet
28%
Aucun quiz correspondant
Distribution des résultats
% des personnes avec chaque résultat
Percentile par nombre de réponses
Votre historique - résultats
Vous n’avez pas pris ce quiz